Komplexní kybernetické modelování rozhodovacích procesů Část 2 Kybernetický model pro rozhodování v oblasti elektrizační soustavy

Bibliographic Details
Main Authors: Havlín, Václav (Author), Bartušek, Bohumír (Author), Hrubý, Pavel (Author)
Format: Book
Language:Czech
PhysicalDescription:[2], 131, [15] s. 21 cm
Published: Praha Výzkum. ústav plánování a řízení národ. hospodářství 1978
Series:Výzkumné práce č. 60

MARC

LEADER 00000nam a2200000 a 4500
001 vtls001096696
003 SK-MaSNL
005 20260301220140.0
008 240314s1978 CS 0 cze
035 |a SNK000039538 
040 |a SNK  |b slo  |c SNK  |e AACR2 
041 0 |a cze 
044 |a CS 
100 1 |a Havlín, Václav  |4 aut  |9 421868 
245 1 0 |a Komplexní kybernetické modelování rozhodovacích procesů  |n Část 2  |p Kybernetický model pro rozhodování v oblasti elektrizační soustavy  |c Ved. hl. úkolu: Václav Havlín, řešitelé: Bohumír Bartušek ; Ved. dílčiho úkolu: Pavel Hrubý 
260 |a Praha  |b Výzkum. ústav plánování a řízení národ. hospodářství  |c 1978 
300 |a [2], 131, [15] s.  |c 21 cm 
490 1 |a Výzkumné práce  |v č. 60 
700 1 |a Bartušek, Bohumír  |4 aut  |9 421869 
700 1 |a Hrubý, Pavel  |4 aut  |9 309734 
958 |a RK 
958 |a OND 
999 |c 930771  |d 932701 
952 |t P60, <04>, [BOOK], {604}  |a SNK  |b SNK  |y VYP  |7 0  |o snkIC 72496/2  |i snkKIP 3341/78  |0 0  |1 0  |4 0  |d 1995-12-14  |l 0  |r 2004-12-31 00:00:00  |w 2026-02-24